[Event "Rhein Main op-A 25th"]
[Site "Bad Homburg"]
[Date "2023.06.10"]
[Round "6"]
[White "Pleyer, Christian"]
[Black "Busch, Lorenz"]
[Result "1-0"]
[WhiteElo "1880"]
[BlackElo "2012"]
[PlyCount "67"]
[EventDate "2023.06.07"]
[EventType "swiss"]
[EventRounds "7"]
[EventCountry "GER"]
[SourceTitle "CBM 215 Extra"]
[Source "ChessBase"]
[SourceDate "2023.09.30"]
[SourceVersion "1"]
[SourceVersionDate "2023.09.30"]
[SourceQuality "1"]

1. d4 Nf6 2. Nf3 g6 3. Bf4 Bg7 4. e3 b6 5. Be2 Bb7 6. 0-0 0-0 7. c3 c5 8. a4 d5 9. Nbd2 Nc6 10. Ne5 Nd7 11. Nxc6 Bxc6 12. Bg4 f5 13. Be2 e5 14. Bxe5 Nxe5 15. dxe5 Bxe5 16. Bf3 Qc7 17. g3 Rad8 18. Qc2 Kg7 19. Rac1 Rf6 20. c4 d4 21. Bxc6 Qxc6 22. exd4 Rxd4 23. Rfe1 Re6 24. Nf1 f4 25. Rcd1 g5 26. Qf5 Rxd1 27. Qxg5+ Kf7 28. Rxd1 fxg3 29. hxg3 Bxb2 30. Rd8 Rg6 31. Qf5+ Qf6 32. Qc8 Qe5 33. Rd7+ Kf6 34. Qf8+ 1-0

[Event "Rhein Main op-A 22nd"]
[Site "Bad Homburg"]
[Date "2019.06.23"]
[Round "7"]
[White "Nazarenus, Moritz"]
[Black "Busch, Lorenz"]
[Result "1-0"]
[WhiteElo "2221"]
[BlackElo "2027"]
[PlyCount "79"]
[EventDate "2019.06.19"]
[EventType "swiss"]
[EventRounds "9"]
[EventCountry "GER"]
[SourceTitle "EXT 2020"]
[Source "ChessBase"]
[SourceDate "2019.10.17"]
[SourceVersion "1"]
[SourceVersionDate "2019.10.17"]
[SourceQuality "1"]

1. d4 d5 2. c4 c6 3. Nf3 Nf6 4. e3 e6 5. b3 Nbd7 6. Be2 Bd6 7. Bb2 0-0 8. 0-0 Ne4 9. Qc2 Qf6 10. Bd3 Qg6 11. Ne5 Bxe5 12. dxe5 Ndc5 13. Ba3 Nxd3 14. Qxd3 Re8 15. f3 Ng5 16. Qxg6 hxg6 17. Nd2 b6 18. f4 Nh7 19. c5 Nf8 20. Nf3 Nd7 21. Rfc1 Bb7 22. b4 b5 23. Bb2 a5 24. a4 axb4 25. axb5 Rxa1 26. Bxa1 Ra8 27. Nd4 Nxc5 28. bxc6 Bc8 29. Rxc5 Rxa1+ 30. Kf2 Kf8 31. Rb5 Ke7 32. Rb7+ Ke8 33. Nb5 Rc1 34. Nd6+ Kd8 35. Nxf7+ Ke8 36. Nd6+ Kd8 37. Rxb4 Rxc6 38. Rb8 Kd7 39. Rxc8 Rxd6 40. Rg8 1-0

[Event "Rheinland Pfalz op 9th"]
[Site "Lambsheim"]
[Date "2017.06.16"]
[Round "4"]
[White "Biedinger, Christian"]
[Black "Busch, Lorenz"]
[Result "1/2-1/2"]
[WhiteElo "1870"]
[BlackElo "2105"]
[PlyCount "168"]
[EventDate "2017.06.15"]
[EventType "swiss"]
[EventRounds "7"]
[EventCountry "GER"]
[SourceTitle "CBM 178 Extra"]
[Source "ChessBase"]
[SourceDate "2017.06.22"]
[SourceVersion "1"]
[SourceVersionDate "2017.06.22"]
[SourceQuality "1"]

1. Nf3 Nf6 2. d3 b5 3. e4 d6 4. g3 Bb7 5. Bg2 g6 6. 0-0 Bg7 7. Re1 Nbd7 8. Nbd2 0-0 9. Qe2 e5 10. d4 a6 11. dxe5 dxe5 12. b4 Qe7 13. a4 Rfb8 14. c3 c5 15. Bb2 bxa4 16. Rxa4 Bc6 17. Rxa6 Bb5 18. Qxb5 Rxb5 19. Rxa8+ Ne8 20. Bf1 Rb7 21. b5 Nb6 22. Ra2 Nd6 23. Ba3 Qe6 24. Rea1 Rc7 25. h4 h6 26. Bc1 c4 27. Ra6 Rb7 28. Rb1 Qd7 29. Ba3 Nxb5 30. Bc5 Nc8 31. Bxc4 Nxc3 32. Rc1 Nb5 33. Be3 Kh7 34. Bd5 Rc7 35. Nc4 Nd4 36. Kg2 Nxf3 37. Kxf3 f5 38. Kg2 f4 39. Bd2 Qg4 40. Be6 f3+ 41. Kh2 Qxe4 42. h5 gxh5 43. Ne3 Qb7 44. Rca1 Ne7 45. Ra8 e4 46. R1a5 Kg6 47. R5a6 Rc6 48. R6a7 Qxa8 49. Rxa8 Rxe6 50. g4 hxg4 51. Nxg4 h5 52. Ne3 Bh6 53. Rd8 Bf4+ 54. Kh3 Rd6 55. Rxd6+ Bxd6 56. Nc4 Bc7 57. Bb4 Nf5 58. Nd2 Nd4 59. Nxe4 Ne2 60. Bd2 Kf5 61. Nc3 Bf4 62. Bxf4 Nxc3 63. Bd2 Nd1 64. Be1 Ke4 65. Kg3 Nb2 66. Ba5 Nd3 67. Bb6 Nf4 68. Be3 Ng6 69. Bg5 Ne5 70. Be3 Nd3 71. Ba7 Ne1 72. Kh4 Kd3 73. Kxh5 Ke2 74. Kg4 Nd3 75. Kg3 Nb4 76. Kf4 Nd5+ 77. Ke4 Nc3+ 78. Kf4 Nb5 79. Be3 Nd6 80. Ba7 Ne8 81. Be3 Nf6 82. Ba7 Nd5+ 83. Ke4 Nb4 84. Kf4 Nd3+ 1/2-1/2

[Event "Rheinland Pfalz op 9th"]
[Site "Lambsheim"]
[Date "2017.06.15"]
[Round "2"]
[White "Grenz, Tobias"]
[Black "Busch, Lorenz"]
[Result "0-1"]
[WhiteElo "1887"]
[BlackElo "2105"]
[PlyCount "44"]
[EventDate "2017.06.15"]
[EventType "swiss"]
[EventRounds "7"]
[EventCountry "GER"]
[SourceTitle "CBM 178 Extra"]
[Source "ChessBase"]
[SourceDate "2017.06.22"]
[SourceVersion "1"]
[SourceVersionDate "2017.06.22"]
[SourceQuality "1"]

1. d4 d5 2. c4 c6 3. Nf3 Nf6 4. Nc3 dxc4 5. e3 b5 6. a4 b4 7. Na2 a5 8. Bxc4 e6 9. 0-0 Be7 10. Qc2 0-0 11. Bd2 Qb6 12. Nc1 Ba6 13. Nb3 Rc8 14. Rac1 c5 15. dxc5 Bxc5 16. Nxc5 Rxc5 17. Qb3 Nbd7 18. Nd4 Ne4 19. Rfd1 Rac8 20. Bxa6 Qxa6 21. Rxc5 Ndxc5 22. Qc2 Nd3 0-1

[Event "Heusenstamm Sparkassen op-A 2nd"]
[Site "Heusenstamm"]
[Date "2015.11.29"]
[Round "7"]
[White "Milov, Leonid"]
[Black "Busch, Lorenz"]
[Result "1-0"]
[WhiteElo "2471"]
[BlackElo "2095"]
[PlyCount "53"]
[EventDate "2015.11.26"]
[EventType "swiss"]
[EventRounds "7"]
[EventCountry "GER"]
[SourceTitle "CBM 169 Extra"]
[Source "ChessBase"]
[SourceDate "2015.12.18"]
[SourceVersion "1"]
[SourceVersionDate "2015.12.18"]
[SourceQuality "1"]

1. e4 e6 2. Nf3 d5 3. Nc3 Nf6 4. e5 Nfd7 5. d4 c5 6. Ne2 cxd4 7. Nexd4 Nc6 8. Bf4 Be7 9. Qd2 a6 10. c3 Qc7 11. Qe3 Nc5 12. Be2 Bd7 13. 0-0 0-0 14. Rac1 b5 15. Rfe1 Na4 16. b3 Nb6 17. Bd3 Qb7 18. Ng5 Bxg5 19. Bxg5 Nxd4 20. Qxd4 Bc6 21. Qh4 h6 22. Bxh6 gxh6 23. Qxh6 f6 24. exf6 Rf7 25. Re3 Rh7 26. f7+ Qxf7 27. Bxh7+ 1-0

[Event "Rheinland Pfalz op 7th"]
[Site "Frankenthal"]
[Date "2015.06.06"]
[Round "6"]
[White "Probst, Alexander"]
[Black "Busch, Lorenz"]
[Result "1-0"]
[WhiteElo "1976"]
[BlackElo "2148"]
[PlyCount "87"]
[EventDate "2015.06.04"]
[EventType "swiss"]
[EventRounds "7"]
[EventCountry "GER"]
[SourceTitle "EXT 2017"]
[Source "ChessBase"]
[SourceDate "2016.10.25"]
[SourceVersion "1"]
[SourceVersionDate "2016.10.25"]
[SourceQuality "1"]

1. e4 e6 2. d4 d5 3. Nd2 Nf6 4. e5 Nfd7 5. Bd3 c5 6. c3 Nc6 7. Ne2 cxd4 8. cxd4 f6 9. exf6 Nxf6 10. Nf3 Bd6 11. 0-0 Qc7 12. g3 0-0 13. Bf4 Bd7 14. Rc1 Rae8 15. Ne5 Qb8 16. Nxd7 Nxd7 17. Bxd6 Qxd6 18. f4 Rf6 19. a3 Ref8 20. b4 Rh6 21. Qc2 Nb6 22. Qc5 Qb8 23. Qb5 Qd8 24. Qc5 Qf6 25. Bb5 Rc8 26. Qc3 a6 27. Qc5 Qd8 28. Bxc6 Rxc6 29. Qa5 Qd7 30. Rxc6 Qxc6 31. Rc1 Nc4 32. Qd8+ Kf7 33. Qb8 Rf6 34. g4 Kg6 35. h4 h5 36. g5 Rf7 37. Ng3 Kh7 38. Nxh5 Qa4 39. Qc8 Qxa3 40. Re1 Qf3 41. g6+ Kxg6 42. Qxe6+ Rf6 43. Qe8+ Kf5 44. Qd7+ 1-0

[Event "Karl Mala Memorial op-A 17th"]
[Site "Frankfurt"]
[Date "2014.07.31"]
[Round "1"]
[White "Busch, Lorenz"]
[Black "Thole, Markus"]
[Result "1/2-1/2"]
[WhiteElo "2130"]
[BlackElo "1802"]
[PlyCount "70"]
[EventDate "2014.07.31"]
[EventType "swiss"]
[EventRounds "7"]
[EventCountry "GER"]
[SourceTitle "EXT 2015"]
[Source "ChessBase"]
[SourceDate "2014.11.20"]
[SourceVersion "1"]
[SourceVersionDate "2014.11.20"]
[SourceQuality "1"]

1. d4 e6 2. e4 d5 3. Nc3 Nf6 4. e5 Nfd7 5. Nf3 c5 6. dxc5 Nc6 7. Bf4 Bxc5 8. Bd3 Qb6 9. 0-0 a6 10. a3 Bd4 11. Na4 Qa5 12. Nxd4 Qxa4 13. c3 Qxd1 14. Raxd1 Ndxe5 15. Bb1 Ng6 16. Bd6 Nxd4 17. Rxd4 b5 18. f4 Ne7 19. f5 Nc6 20. Rg4 g6 21. fxg6 hxg6 22. Bc5 Bd7 23. Rf6 0-0-0 24. Rgf4 Be8 25. a4 Rd7 26. axb5 axb5 27. Rf1 Rb7 28. Bd3 Ne5 29. Be2 Nd7 30. Bd4 Nxf6 31. Bxf6 Rg8 32. Ra1 Bc6 33. Ra8+ Rb8 34. Ra7 Rb7 35. Ra8+ Rb8 1/2-1/2

[Event "Karl Mala Memorial op-A 16th"]
[Site "Frankfurt"]
[Date "2013.07.12"]
[Round "2"]
[White "Kulenovic, Adnan"]
[Black "Busch, Lorenz"]
[Result "1/2-1/2"]
[WhiteElo "1904"]
[BlackElo "2107"]
[PlyCount "112"]
[EventDate "2013.07.11"]
[EventType "swiss"]
[EventRounds "7"]
[EventCountry "GER"]
[SourceTitle "EXT 2014"]
[Source "ChessBase"]
[SourceDate "2013.11.20"]
[SourceVersion "1"]
[SourceVersionDate "2013.11.20"]
[SourceQuality "1"]

1. d4 Nf6 2. Nf3 d5 3. e3 Bg4 4. c4 c6 5. Nc3 e6 6. Be2 Nbd7 7. 0-0 Bd6 8. b3 0-0 9. Bb2 Qc7 10. h3 Bh5 11. Rc1 Ne4 12. Nxe4 dxe4 13. Nd2 Bxe2 14. Qxe2 f5 15. c5 Be7 16. f3 exf3 17. Nxf3 Nf6 18. Nd2 Rae8 19. Rf3 Bd8 20. Rcf1 Nh5 21. Qf2 Rf6 22. d5 Rff8 23. dxe6 Bf6 24. Bxf6 Nxf6 25. Rxf5 Rxe6 26. Nc4 Qe7 27. Qb2 Rd8 28. b4 Rd5 29. R5f3 h6 30. Qc3 Ne4 31. Rf8+ Qxf8 32. Rxf8+ Kxf8 33. Qa3 a6 34. Qa5 Rd1+ 35. Kh2 Rf6 36. Qc7 Kg8 37. Nd6 Nxd6 38. cxd6 Rfxd6 39. Qxb7 R1d2 40. Qxa6 Rg6 41. Qf1 Kh7 42. a4 Rb2 43. b5 cxb5 44. axb5 Rg5 45. h4 Rgxb5 46. Qd3+ Kh8 47. Qd8+ Kh7 48. Kg3 Rb6 49. Kh3 Rf6 50. g3 Rbf2 51. Qd3+ Kh8 52. e4 R2f3 53. Qd8+ Kh7 54. h5 Re3 55. Qe8 Rf4 56. Qg6+ Kh8 1/2-1/2